Proceedings of the 16th Malaysian Forestry Conference, 5-9 December 2011, Rennaissance Hotel, Melaka Bandaraya Bersejarah : Forests for Community Livelihood( Hutan Untuk Kesejahteraan Masyarakat)

Bibliographic Details
Format: Book
Published: Kuala Lumpur : Jabatan Perhutanan Semenajung Malaysia , 2011
Series:Malaysian Forestry Conference, 16th, Melaka, 2011
Subjects:

MARC

LEADER 00000cam a2200000 7i4500
001 0000003986
005 20130403.0
090 0 0 |a 634.909595   |b MAL 2011 
245 1 0 |a Proceedings of the 16th Malaysian Forestry Conference, 5-9 December 2011, Rennaissance Hotel, Melaka Bandaraya Bersejarah :   |b Forests for Community Livelihood( Hutan Untuk Kesejahteraan Masyarakat) 
260 0 0 |a Kuala Lumpur :   |b Jabatan Perhutanan Semenajung Malaysia ,   |c 2011 
300 |a xiii,959 p. :   |b ill., maps ;   |c 2 cm. 
440 0 0 |a Malaysian Forestry Conference, 16th, Melaka, 2011 
650 0 0 |a Forests and forestry   |x Congresses 
650 0 0 |a Sustainable forestry   |x Congresses 
998 |a JPSM 
999 |a 007809   |b Monograph   |c Open Shelf   |e Default branch 
999 |a 007810   |b Monograph   |c Open Shelf   |e Default branch